| 000 | 005050000a22001210004500 | ||
|---|---|---|---|
| 001 | 1156 | ||
| 041 | 0 | _aSpa | |
| 082 | 0 | 4 | _aCD 072 |
| 110 | 1 | _aDiscos Fuentes | |
| 245 | 1 | 0 | _aCuentos de oro / Discos Fuentes |
| 505 | 0 | 0 | _aPinocho 6.10 minutos Blanca Nieves 7.00 minutos El gato con botas 8.53 minutos La cenicienta 5,57 minutos Simbad el marino 11.51 minutos La ranita encantada 5.10 Peter pan 5.49 El patito feo 5.23 |
| 942 | _cLGB | ||
| 999 |
_c48330 _d48330 |
||